| 000 | 00451cam a2200181ua 4500 | ||
|---|---|---|---|
| 001 | 5029 | ||
| 005 | 20260515113827.0 | ||
| 008 | 120229n nyu |||gr||||Z||||||eng | ||
| 020 | _a521-09499-2 | ||
| 040 | _cMAIN | ||
| 082 | _a822.33 | ||
| 100 |
_aShakespeare, _eAuthor, |
||
| 245 | 1 | 1 |
_aTaming of the shrew _cby Shakespeare |
| 250 | _a1st. | ||
| 260 |
_aEast 57th street: _bCambridge university press, _c1969. |
||
| 300 |
_a194p: _c15cm. |
||
| 942 | _cBK | ||
| 999 |
_c4209 _d4209 |
||